|
|
|
|
| LEADER |
01569cam a2200313 i 4500 |
| 001 |
39141 |
| 003 |
BD-DhAAL |
| 005 |
20220718160029.0 |
| 008 |
130718s2013 us b 001 0 eng d |
| 999 |
|
|
|c 44588
|d 44588
|
| 010 |
|
|
|a 2013014882
|
| 020 |
|
|
|a 9780691159249 (hardcover : alk. paper)
|
| 020 |
|
|
|a 9780691159270 (pbk. : alk. paper)
|
| 040 |
|
|
|a DLC
|b eng
|c DLC
|e rda
|d DLC
|d BD-DhAAL
|
| 082 |
0 |
0 |
|a 001.434
|2 23
|
| 100 |
1 |
|
|a Glennerster, Rachel.
|9 49959
|
| 245 |
1 |
0 |
|a Running randomized evaluations :
|b a practical guide /
|c Rachel Glennerster and Kudzai Takavarasha.
|
| 260 |
|
|
|a Princeton :
|b Princeton University Press,
|c c2013.
|
| 300 |
|
|
|a x, 467 pages :
|c 22 cm.
|
| 504 |
|
|
|a Includes bibliographical references and index.
|
| 505 |
0 |
|
|a The experimental approach -- Foundations : why experiment? -- Asking the right questions -- Randomizing -- Outcomes and instruments -- Power -- Threats -- Analysis -- Policy lessons -- Appendix 1 -- Appendix 2 -- Index.
|
| 526 |
|
|
|a BIGD
|
| 541 |
|
|
|a Purchased directly by BIGD
|e 39141
|
| 650 |
|
0 |
|a Evaluation research (Social action programs)
|9 49960
|
| 650 |
|
0 |
|a Social sciences
|x Research.
|9 49961
|
| 700 |
1 |
|
|a Takavarasha, Kudzai,
|d 1973-
|9 49962
|
| 852 |
|
|
|a BRAC Institute of Governance and Development
|c General Stacks
|
| 942 |
|
|
|2 ddc
|c BK
|
| 952 |
|
|
|0 0
|1 0
|2 ddc
|4 0
|6 001_434000000000000_GLE
|7 0
|9 71246
|a IGS
|b IGS
|c GEN
|d 2022-07-18
|e Purchased Directly by BIGD
|g 2754.00
|l 0
|o 001.434 GLE
|p 3010039141
|r 2022-07-18
|t 1
|v 2754.00
|w 2022-07-18
|y BK
|x Direct Purchased by BIGD. Delivered the book to AAL for cataloguing on 18/07/2022
|